000 00999cam a2200301 i 4500
001 18383791
003 EG-ScBUE
005 20230315111045.0
008 141027s2015 enka f 001 0 eng d
020 _a9781408185469 (Paper)
040 _aDLC
_beng
_erda
_cDLC
_dEG-ScBUE
082 0 4 _a792.028
_bBRI
_222
100 1 _aBritten, Bill,
_eauthor.
_938506
245 1 0 _aFrom Stage to screen :
_ba theatre actor's guide to working on camera /
_cBill Britten ; foreword by Hugh Bonneville.
250 _aFirst edition.
264 1 _aLondon :
_bBloomsbury Methuen Drama,
_c2015.
300 _ax, 237 pages :
_cillustrations ;
_b22 cm
336 _2rdacontent
_atext
_btxt
337 _2rdamedia
_aunmediated
_bn
338 _2rdacarrier
_avolume
_bnc
500 _aIncludes index.
650 7 _aActing.
_2BUEsh
651 _2BUEsh
653 _bCOMAME
_cJune2015
_cOctober2015
655 _vReading book
700 1 _aBonneville, Hugh,
_eauthor of introduction, etc.
942 _2ddc
_k792.028 BRI
_cBB
999 _c19649
_d19621